Postmodern Literature Fill-in-the-Blank Quiz Stats

 Plays Quiz Updated Nov 30, 2015

Challenge
Share
Tweet
Embed
Score 0/20 Timer 03:00
0 Plays Today
Title Missing Word % Correct
One _____ Years of SolitudeHundred
93.4%
Fear and _____ in Las VegasLoathing
89.3%
_____ CradleCat's
79.6%
The Unbearable _____ of BeingLightness
75.8%
Rosencrantz and _____ are DeadGuildenstern
69.2%
The _____ TaleHandmaid's
65.8%
The French _____ WomanLieutenant's
64.8%
_____ NoiseWhite
64.3%
The Things ____ CarriedThey
62.4%
Infinite _____Jest
59.9%
Title Missing Word % Correct
American _____Psycho
58.9%
Wide _____ SeaSargasso
57.8%
The _____ of SaturnRings
56.6%
_____ RainbowGravity's
52.1%
_____ ChildrenMidnight's
48.3%
A Heartbreaking _____ of Staggering GeniusWork
45.1%
_____ PendulumFoucault's
35.8%
Life: A _____ ManualUser's
33.6%
Pale _____Fire
31.2%
The Wind-Up Bird _____Chronicle
26.3%

You're not logged in!

Compare scores with friends on all Sporcle quizzes.
OR
Log In

You Might Also Like...

Show Comments

Extras

Top Quizzes Today


Score Distribution

Your Account Isn't Verified!

In order to create a playlist on Sporcle, you need to verify the email address you used during registration. Go to your Sporcle Settings to finish the process.

Report this User

Report this user for behavior that violates our Community Guidelines.

Details: